[Event "FB23 2324 SV Stuttgart-Wolfbusch - FC Ba"]
[Site "?"]
[Date "2024.01.21"]
[Round "5.3"]
[White "Giss, Helene"]
[Black "Froehlich, Franziska"]
[Result "1-0"]
[WhiteElo "2040"]
[BlackElo "1892"]
[PlyCount "117"]
[EventDate "2024.??.??"]
[SourceVersion "1"]
[SourceVersionDate "2023.02.20"]
[SourceQuality "1"]

1. e4 e6 2. d4 d5 3. Nd2 Nf6 4. e5 Nfd7 5. Bd3 c5 6. c3 Nc6 7. Ndf3 cxd4 8. cxd4 f6 9. exf6 Nxf6 10. Nh3 Bb4+ 11. Bd2 Qa5 12. O-O Bxd2 13. Nxd2 Nxd4 14. Ng5 O-O 15. Ndf3 Nxf3+ 16. Nxf3 Bd7 17. Re1 Qb6 18. Qe2 Rae8 19. Ne5 Re7 20. Rac1 Qd6 21. Rc2 Be8 22. Qe3 a6 23. Qh3 Bb5 24. Bxb5 axb5 25. Qd3 Qb6 26. Qe3 Qa6 27. a3 Ne4 28. f3 Nd6 29. Qg5 Rfe8 30. Rec1 Qb6+ 31. Kh1 Nc4 32. Ng4 Kh8 33. b3 h6 34. Qh5 Nd6 35. Ne5 Kg8 36. Qg6 Qd4 37. Ng4 Nf7 38. Rc8 Qb2 39. Rxe8+ Rxe8 40. Nxh6+ Nxh6 41. Qxe8+ Kh7 42. Re1 Qxb3 43. Qxe6 Qc3 44. Rd1 Qxa3 45. Qxd5 b4 46. Rb1 Ng8 47. Qxb7 Nf6 48. Qxb4 Qd3 49. Qb3 Qe2 50. Qd1 Qe5 51. Qe1 Qf4 52. Rb4 Qd6 53. g3 Qc6 54. Qb1+ Kg8 55. Rb8+ Kf7 56. Qb7+ Qxb7 57. Rxb7+ Kg6 58. Rb6 Kf7 59. Rxf6+ 1-0

[Event "FB23 2324 SV Stuttgart-Wolfbusch - FC Ba"]
[Site "?"]
[Date "2024.01.21"]
[Round "5.4"]
[White "Siegl, Melina"]
[Black "Stangl, Anita"]
[Result "0-1"]
[WhiteElo "1967"]
[BlackElo "2055"]
[PlyCount "110"]
[EventDate "2024.??.??"]
[SourceVersion "1"]
[SourceVersionDate "2023.02.20"]
[SourceQuality "1"]

1. e4 e6 2. d3 d5 3. Nd2 Nf6 4. Ngf3 Be7 5. g3 O-O 6. Bg2 c5 7. O-O Nc6 8. Re1 b6 9. e5 Nd7 10. Nf1 Bb7 11. h4 d4 12. a3 Qc7 13. Bf4 Bd8 14. N1h2 Ne7 15. Ng5 Bxg2 16. Qh5 h6 17. Kxg2 hxg5 18. hxg5 Ng6 19. Ng4 Re8 20. Rh1 Qb7+ 21. f3 Kf8 22. Qh7 Qd5 23. Rae1 c4 24. Rh6 Ke7 25. Rxg6 Nf8 26. Qxg7 Nxg6 27. Nf6 Qa5 28. Rh1 Bc7 29. Nxe8 Rxe8 30. Qf6+ Kd7 31. Qxf7+ Ne7 32. Rh6 Qd5 33. Qf6 cxd3 34. cxd3 Bd8 35. Rh7 Qb3 36. g6 Qc2+ 37. Kh3 Qxd3 38. Rg7 Rh8+ 39. Kg4 Qf5+ 40. Qxf5 exf5+ 41. Kg5 Ke6 42. Rh7 Rg8 43. Kh5 Nc6 44. g7 Nxe5 45. Rh8 Rxg7 46. Rxd8 Rh7+ 47. Kg5 Nxf3+ 48. Kg6 Rd7 49. Re8+ Kd5 50. Kxf5 d3 51. Re6 Nd4+ 52. Kg4 Kc4 53. Re1 Nb3 54. Kf3 d2 55. Rd1 Kd3 0-1

[Event "FB23 2324 SV Stuttgart-Wolfbusch - FC Ba"]
[Site "?"]
[Date "2024.01.21"]
[Round "5.5"]
[White "Dirmeier, Carolin"]
[Black "Klotz, Sonja"]
[Result "1-0"]
[WhiteElo "1961"]
[BlackElo "1916"]
[PlyCount "169"]
[EventDate "2024.??.??"]
[SourceVersion "1"]
[SourceVersionDate "2023.02.20"]
[SourceQuality "1"]

1. e4 c5 2. Nf3 Nc6 3. d4 cxd4 4. Nxd4 Nf6 5. Nc3 d6 6. Bg5 e6 7. Qd2 Be7 8. O-O-O O-O 9. f4 Nxd4 10. Qxd4 Qa5 11. Bc4 Rd8 12. Rhe1 Bd7 13. e5 dxe5 14. fxe5 Nd5 15. Bd2 Nxc3 16. Bxc3 Qc5 17. Qg4 Rac8 18. Bd3 Bb5 19. Be4 Bc6 20. Qf3 Bxe4 21. Rxe4 Rxd1+ 22. Qxd1 Rd8 23. Rd4 Bg5+ 24. Kb1 Rxd4 25. Qxd4 Qxd4 26. Bxd4 a6 27. c4 Kf8 28. Kc2 Ke8 29. g3 Kd7 30. a4 Bd8 31. b4 Kc6 32. Kd3 b6 33. Ke4 Be7 34. b5+ axb5 35. cxb5+ Kb7 36. Kf4 Kc7 37. h4 h6 38. h5 Bg5+ 39. Ke4 Be7 40. g4 Bg5 41. Bc3 Be7 42. Kd3 Kb7 43. Kc4 Kc7 44. a5 bxa5 45. Bxa5+ Kb7 46. Bd2 Kb6 47. Be3+ Kb7 48. Bc5 Bg5 49. Bf8 g6 50. Bc5 Bf4 51. Bd4 Bg5 52. Kb4 Be7+ 53. Bc5 Bg5 54. Ka4 Bf4 55. Bd4 Bg5 56. Kb4 Be7+ 57. Bc5 Bg5 58. Ka5 Bd2+ 59. Bb4 Bf4 60. Bd6 Be3 61. Kb4 Kb6 62. Be7 Bf4 63. Bf6 Bd2+ 64. Kc4 Be3 65. Bd8+ Kb7 66. Ba5 Bf4 67. Kd4 Bg5 68. Ke4 Bc1 69. Bd8 Kc8 70. Be7 Kb7 71. Bc5 Bg5 72. Bd4 Bc1 73. Kd3 Bg5 74. Kc4 Kc7 75. Kb4 Kb7 76. Bc5 Bd2+ 77. Kc4 Bf4 78. Bd4 Bg5 79. Kb4 Bd2+ 80. Kc5 Kc8 81. Kc6 Bb4 82. b6 Ba3 83. b7+ Kb8 84. Bb6 Bb2 85. Bc7+ 1-0

[Event "FB23 2324 SV Stuttgart-Wolfbusch - FC Ba"]
[Site "?"]
[Date "2024.01.21"]
[Round "5.6"]
[White "Thomsen, Larissa"]
[Black "Ankerst, Milka"]
[Result "0-1"]
[WhiteElo "1944"]
[BlackElo "1905"]
[PlyCount "154"]
[EventDate "2024.??.??"]
[SourceVersion "1"]
[SourceVersionDate "2023.02.20"]
[SourceQuality "1"]

1. e4 c5 2. Nf3 Nc6 3. d4 cxd4 4. Nxd4 g6 5. Be3 Bg7 6. Nc3 Nf6 7. f3 O-O 8. Qd2 d5 9. Nxc6 bxc6 10. e5 Ne8 11. Bh6 Qb6 12. O-O-O Rb8 13. b3 Bxe5 14. Bxf8 Kxf8 15. Na4 Qc7 16. Kb1 Qd6 17. Qe3 Bf6 18. Qc5 Qe5 19. c3 Qc7 20. Bd3 Nd6 21. h4 h5 22. Kb2 Nb5 23. Qf2 Qa5 24. Rc1 Qb4 25. Qc5 Nxc3 26. Qxb4 Nxa4+ 27. Ka3 Rxb4 28. Kxb4 Nb2 29. Be2 Bd7 30. Rc2 d4 31. Rxb2 d3 32. Rd2 dxe2 33. Rxe2 Be6 34. g3 Bd5 35. Rf1 e6 36. Ka5 Bd4 37. g4 hxg4 38. fxg4 Kg7 39. Ka6 e5 40. Rd2 Bc5 41. Kb7 e4 42. Rxd5 cxd5 43. Kc6 Bb4 44. Rf2 d4 45. Kd5 e3 46. Re2 Bc3 47. Ke4 Kf6 48. Rh2 Ke6 49. h5 f5+ 50. gxf5+ gxf5+ 51. Kd3 f4 52. Ke2 Kf5 53. h6 Ke4 54. Kd1 d3 55. h7 e2+ 56. Rxe2+ dxe2+ 57. Kxe2 a5 58. a3 Bb2 59. b4 a4 60. Kf2 Bd4+ 61. Ke2 f3+ 62. Kf1 Kd5 63. Ke1 Kc4 64. Kf1 Kd5 65. Ke1 Ke6 66. Kf1 Kf7 67. h8=Q Bxh8 68. Kf2 Ke6 69. Kxf3 Kd5 70. Ke3 Kc4 71. Kd2 Bb2 72. Kc2 Bxa3 73. Kb1 Bxb4 74. Ka2 Bd6 75. Ka1 Kb3 76. Kb1 a3 77. Ka1 Be5+ 0-1

[Event "FB23 2324 SC NT Nürnberg - TSV Schott M"]
[Site "?"]
[Date "2024.01.21"]
[Round "5.2"]
[White "Birkholz, Olga"]
[Black "Krasnopeyeva, Julia"]
[Result "1/2-1/2"]
[WhiteElo "1966"]
[BlackElo "1900"]
[PlyCount "63"]
[EventDate "2024.??.??"]
[SourceVersion "1"]
[SourceVersionDate "2023.02.20"]
[SourceQuality "1"]

1. Nf3 Nf6 2. g3 g6 3. Bg2 Bg7 4. d4 O-O 5. O-O d5 6. Ne5 c6 7. Nd2 Bf5 8. Re1 Nbd7 9. Nd3 Ne4 10. c3 Nd6 11. Nf1 e5 12. dxe5 Nxe5 13. Nxe5 Bxe5 14. Bh6 Re8 15. Qc1 Bf6 16. Bf4 g5 17. Bxd6 Qxd6 18. Ne3 Bd7 19. Qc2 Qe5 20. Bf3 Bg7 21. Rad1 f5 22. Qb3 Rab8 23. Bxd5+ Kh8 24. Bf7 Re7 25. Rxd7 Rxd7 26. Be6 Re7 27. Bxf5 Rf8 28. Qc2 h5 29. Bg6 Qf6 30. Nd1 h4 31. Kg2 Qe6 32. Bd3 1/2-1/2

[Event "FB23 2324 SC NT Nürnberg - TSV Schott M"]
[Site "?"]
[Date "2024.01.21"]
[Round "5.3"]
[White "Mader, Lena"]
[Black "Albayrak, Nese Pinar"]
[Result "1/2-1/2"]
[WhiteElo "1833"]
[BlackElo "1904"]
[PlyCount "47"]
[EventDate "2024.??.??"]
[SourceVersion "1"]
[SourceVersionDate "2023.02.20"]
[SourceQuality "1"]

1. c4 e5 2. g3 Nf6 3. Nf3 Nc6 4. d3 d5 5. cxd5 Nxd5 6. Bg2 Be7 7. Nc3 Nb6 8. a3 O-O 9. O-O Re8 10. b4 a5 11. b5 Nd4 12. Bb2 Bf8 13. e3 Nf5 14. Qc2 a4 15. d4 exd4 16. Rfd1 Be6 17. Nxd4 Nxd4 18. Rxd4 Bb3 19. Qc1 Qc8 20. Nd5 Bxd5 21. Bxd5 Nxd5 22. Rxd5 Qe6 23. Rd2 Rec8 24. Bd4 1/2-1/2

[Event "FB23 2324 SC NT Nürnberg - TSV Schott M"]
[Site "?"]
[Date "2024.01.21"]
[Round "5.4"]
[White "Albayrak, Berrak"]
[Black "Brandl, Lea Maria"]
[Result "1/2-1/2"]
[WhiteElo "1685"]
[BlackElo "1866"]
[PlyCount "41"]
[EventDate "2024.??.??"]
[SourceVersion "1"]
[SourceVersionDate "2023.02.20"]
[SourceQuality "1"]

1. e4 c5 2. d3 d6 3. g3 Nc6 4. Bg2 Nf6 5. f4 e6 6. Nf3 Be7 7. O-O O-O 8. h3 d5 9. e5 Nd7 10. c3 d4 11. c4 Rb8 12. Nbd2 b5 13. b3 a5 14. Ne4 Qc7 15. Nfg5 h6 16. Nf3 f6 17. Qe2 f5 18. Nf2 a4 19. g4 Na5 20. Nd2 Bb7 21. gxf5 1/2-1/2

[Event "FB23 2324 SC NT Nürnberg - TSV Schott M"]
[Site "?"]
[Date "2024.01.21"]
[Round "5.5"]
[White "Katte, Isabel"]
[Black "Braeuer, Vanessa"]
[Result "1-0"]
[WhiteElo "1898"]
[BlackElo "1868"]
[PlyCount "73"]
[EventDate "2024.??.??"]
[SourceVersion "1"]
[SourceVersionDate "2023.02.20"]
[SourceQuality "1"]

1. e4 c5 2. Nc3 Nc6 3. f4 e6 4. e5 d5 5. exd6 Bxd6 6. d3 Nf6 7. Ne4 O-O 8. Nf3 Nd5 9. g3 e5 10. fxe5 Bxe5 11. Nxe5 Nxe5 12. Qh5 Re8 13. Be2 f5 14. Bg5 Ne7 15. Nc3 Be6 16. O-O-O b5 17. d4 Nc4 18. d5 Bf7 19. Qh4 Qd7 20. Bxe7 Rxe7 21. Bxc4 bxc4 22. Qxc4 Qd6 23. Na4 Rc8 24. Nc3 Rb7 25. Qf4 Qb6 26. Qxf5 Qxb2+ 27. Kd2 Re8 28. Rb1 Bg6 29. Rxb2 Rxb2 30. Qf3 Rxc2+ 31. Kd1 Rf8 32. Qe3 Rb8 33. Qe6+ Kh8 34. Qd6 Rcb2 35. Rf1 Bh5+ 36. Kc1 R2b6 37. Rf8+ 1-0

[Event "FB23 2324 SC NT Nürnberg - TSV Schott M"]
[Site "?"]
[Date "2024.01.21"]
[Round "5.6"]
[White "Loebel, Petra"]
[Black "Zemke, Christine"]
[Result "1/2-1/2"]
[WhiteElo "1863"]
[BlackElo "1708"]
[PlyCount "91"]
[EventDate "2024.??.??"]
[SourceVersion "1"]
[SourceVersionDate "2023.02.20"]
[SourceQuality "1"]

1. e4 d5 2. exd5 Qxd5 3. Nf3 Nf6 4. Be2 e6 5. O-O Be7 6. b3 a6 7. Bb2 O-O 8. c4 Qd8 9. d4 b6 10. Nbd2 Bb7 11. Qc2 c5 12. Rad1 Qc7 13. Bd3 Nbd7 14. Ne4 Nxe4 15. Bxe4 Bxe4 16. Qxe4 Bf6 17. Rd2 cxd4 18. Bxd4 Bxd4 19. Nxd4 Nf6 20. Qc6 Rac8 21. Qf3 h6 22. Rfd1 Rfd8 23. h3 Rd7 24. Qe3 Rcd8 25. Nf3 Rxd2 26. Rxd2 Rxd2 27. Nxd2 Kf8 28. b4 Nd7 29. Qd4 f6 30. Kf1 Ke7 31. a3 Qh2 32. Qe4 Qe5 33. Qd3 Qa1+ 34. Ke2 Ne5 35. Qb3 Qd4 36. Qc2 f5 37. c5 Nc6 38. Qa4 Qe5+ 39. Kf1 Nd4 40. Qxa6 bxc5 41. bxc5 Qxc5 42. Qb7+ Kf6 43. Qb2 e5 44. g3 Qc6 45. Kg1 g5 46. Kh2 1/2-1/2

[Event "FB23 2324 SC Bavaria Regensburg 1881 - "]
[Site "?"]
[Date "2024.01.21"]
[Round "5.1"]
[White "Kushka, Alena"]
[Black "Arnhold, Steffi"]
[Result "1/2-1/2"]
[WhiteElo "2154"]
[BlackElo "2143"]
[PlyCount "99"]
[EventDate "2024.??.??"]
[SourceVersion "1"]
[SourceVersionDate "2023.02.20"]
[SourceQuality "1"]

1. d4 d5 2. c4 e6 3. Nc3 c6 4. e4 dxe4 5. Nxe4 Nf6 6. Nxf6+ Qxf6 7. Nf3 Bd6 8. Bg5 Qf5 9. Bd3 Qa5+ 10. Bd2 Qc7 11. Qe2 Nd7 12. O-O-O Nf6 13. g4 Bd7 14. g5 Nh5 15. Ne5 g6 16. c5 Be7 17. Be4 Rf8 18. Bf3 Ng7 19. Bf4 Qa5 20. a3 Nf5 21. Nc4 Qa4 22. Be4 Rd8 23. Bxf5 gxf5 24. Nd6+ Bxd6 25. Bxd6 Rg8 26. Qe5 Bc8 27. Qf6 Rd7 28. Rhe1 Qc4+ 29. Kb1 b5 30. Re3 b4 31. Rc1 Qd5 32. axb4 Rb7 33. Rce1 Qc4 34. b5 f4 35. b3 Qd5 36. Bxf4 Rxb5 37. Kb2 Rb4 38. Rd3 Ba6 39. Bd6 Rb7 40. Rde3 Bc4 41. g6 hxg6 42. Ra1 a6 43. Ra3 Qh1 44. Qf3 Qxf3 45. Rxf3 Rh8 46. Kc2 Bb5 47. Ra1 Rh4 48. Be5 Be2 49. Re3 Bb5 50. f3 1/2-1/2

[Event "FB23 2324 SC Bavaria Regensburg 1881 - "]
[Site "?"]
[Date "2024.01.21"]
[Round "5.2"]
[White "Bardorz, Jana"]
[Black "Rieseler, Caroline"]
[Result "0-1"]
[WhiteElo "2052"]
[BlackElo "2078"]
[PlyCount "70"]
[EventDate "2024.??.??"]
[SourceVersion "1"]
[SourceVersionDate "2023.02.20"]
[SourceQuality "1"]

1. e4 c5 2. Nf3 Nc6 3. d4 cxd4 4. Nxd4 Nf6 5. Nc3 e5 6. Ndb5 d6 7. Nd5 Nxd5 8. exd5 Nb8 9. a4 Be7 10. Be2 O-O 11. O-O Nd7 12. Bd2 a6 13. Na3 a5 14. f4 f5 15. Be3 Bf6 16. Nb5 exf4 17. Bxf4 Ne5 18. c4 Bd7 19. Nd4 Qb6 20. Be3 Qxb2 21. Qb1 Nxc4 22. Qxb2 Nxb2 23. Rab1 Nxa4 24. Rxb7 Nc5 25. Rc7 Bd8 26. Rxd7 Nxd7 27. Rc1 f4 28. Bf2 Bf6 29. Bg4 Ne5 30. Be6+ Kh8 31. Nb5 Nd3 32. Rc6 Rab8 33. Bb6 a4 34. Kf1 Be5 35. Na3 Nb4 0-1

[Event "FB23 2324 SC Bavaria Regensburg 1881 - "]
[Site "?"]
[Date "2024.01.21"]
[Round "5.3"]
[White "Geske, Bruna"]
[Black "Leuchsenring, Christina"]
[Result "1-0"]
[WhiteElo "2027"]
[BlackElo "1871"]
[PlyCount "139"]
[EventDate "2024.??.??"]
[SourceVersion "1"]
[SourceVersionDate "2023.02.20"]
[SourceQuality "1"]

1. e4 c5 2. Nf3 Nc6 3. Bb5 g6 4. Bxc6 bxc6 5. c4 Bg7 6. O-O d6 7. Nc3 e5 8. d3 Ne7 9. Bd2 O-O 10. Qc1 f5 11. Bh6 f4 12. Bxg7 Kxg7 13. Nb1 h6 14. b4 cxb4 15. c5 Bg4 16. Nbd2 Bxf3 17. Nxf3 g5 18. Qb2 Ng6 19. cxd6 Qxd6 20. d4 c5 21. dxe5 Qe6 22. h3 Rad8 23. Rac1 g4 24. hxg4 Qxg4 25. Rxc5 Rd3 26. Nh2 Qe6 27. Qe2 Rfd8 28. Qg4 Qb6 29. Rfc1 Rd1+ 30. Rxd1 Rxd1+ 31. Qxd1 Qxc5 32. Qd7+ Ne7 33. Nf3 a5 34. Qe6 a4 35. Qf6+ Kg8 36. Qxh6 Qc1+ 37. Kh2 Qc6 38. Qg5+ Ng6 39. Qf5 Kg7 40. Nd4 Qe8 41. Ne6+ Kg8 42. Ng5 b3 43. axb3 axb3 44. Qh3 Kg7 45. Qxb3 Qxe5 46. Qb7+ Kf6 47. Nf3 Qc5 48. Qb2+ Kf7 49. Qd4 Qc7 50. Qd5+ Kg7 51. Ng5 Qe7 52. Qf5 Kh6 53. Nh3 Qh4 54. e5 Qe7 55. e6 Kg7 56. Nxf4 Nxf4 57. Qxf4 Qxe6 58. Qg5+ Kf7 59. f4 Qd6 60. Qf5+ Kg8 61. Kh3 Qh6+ 62. Kg4 Qd6 63. g3 Qd1+ 64. Kg5 Qe1 65. g4 Qe7+ 66. Qf6 Qc5+ 67. Qe5 Qc6 68. f5 Kh7 69. Qe7+ Kh8 70. Qf6+ 1-0

[Event "FB23 2324 SC Bavaria Regensburg 1881 - "]
[Site "?"]
[Date "2024.01.21"]
[Round "5.4"]
[White "Wetzler, Sophia"]
[Black "Barpiyeva, Gulsana"]
[Result "0-1"]
[WhiteElo "1714"]
[BlackElo "2007"]
[PlyCount "84"]
[EventDate "2024.??.??"]
[SourceVersion "1"]
[SourceVersionDate "2023.02.20"]
[SourceQuality "1"]

1. e4 c5 2. Nf3 e6 3. d4 cxd4 4. Nxd4 a6 5. Be3 Qc7 6. Be2 Nf6 7. Nd2 Be7 8. O-O O-O 9. Rc1 d5 10. Bf3 e5 11. N4b3 d4 12. Bg5 b5 13. Qe2 Rd8 14. Rfd1 Be6 15. Qf1 h6 16. Bxf6 Bxf6 17. Be2 Qd6 18. Nb1 Bg5 19. N1d2 Nc6 20. Ra1 Nb4 21. Bd3 Rdc8 22. a3 Nxd3 23. Qxd3 Bc4 24. Qf3 a5 25. Nc1 Be6 26. Qd3 Qc6 27. Nf3 Bc4 28. Nxe5 Bxd3 29. Nxc6 Bxc2 30. Rxd4 Rxc6 31. Ne2 Bf6 32. Rd2 Bxe4 33. f3 Rc2 34. Rxc2 Bxc2 35. Rc1 Bd3 36. Nf4 Bc4 37. Rc2 Bd4+ 38. Kh1 Re8 39. h3 Re1+ 40. Kh2 Be5 41. g3 g5 42. Ng2 Re2 0-1

[Event "FB23 2324 SC Bavaria Regensburg 1881 - "]
[Site "?"]
[Date "2024.01.21"]
[Round "5.5"]
[White "Buchholz, Maja Patricia"]
[Black "Pavlov, Liliane"]
[Result "1-0"]
[WhiteElo "1945"]
[BlackElo "1766"]
[PlyCount "47"]
[EventDate "2024.??.??"]
[SourceVersion "1"]
[SourceVersionDate "2023.02.20"]
[SourceQuality "1"]

1. c4 e5 2. g3 d5 3. cxd5 Qxd5 4. Nf3 e4 5. Nc3 Qc6 6. Nd4 Qb6 7. Nc2 f5 8. Bg2 Nf6 9. Ne3 Be6 10. d3 Bb4 11. O-O exd3 12. Qxd3 g6 13. Ned5 Nxd5 14. Nxd5 Bxd5 15. Qxd5 Nc6 16. Be3 Qa5 17. Qe6+ Be7 18. Bxc6+ bxc6 19. Rad1 Rf8 20. Rd7 Rf7 21. Bg5 Qb4 22. Rxe7+ Rxe7 23. Bxe7 Qxe7 24. Qxc6+ 1-0

[Event "FB23 2324 SC Bavaria Regensburg 1881 - "]
[Site "?"]
[Date "2024.01.21"]
[Round "5.6"]
[White "Prinzen, Siri Marleen"]
[Black "Froehlich-Dill, Astrid"]
[Result "0-1"]
[WhiteElo "1713"]
[BlackElo "1778"]
[PlyCount "86"]
[EventDate "2024.??.??"]
[SourceVersion "1"]
[SourceVersionDate "2023.02.20"]
[SourceQuality "1"]

1. d4 Nf6 2. Bf4 e6 3. e3 b6 4. Nd2 Bb7 5. h3 d5 6. Ngf3 Bd6 7. Ne5 Nbd7 8. Bd3 O-O 9. O-O Ne4 10. f3 Nxd2 11. Qxd2 Nxe5 12. dxe5 Be7 13. c3 c5 14. Qc2 h6 15. Rad1 Bg5 16. Bxg5 Qxg5 17. f4 Qg3 18. Qf2 Qxf2+ 19. Rxf2 Rad8 20. Bc2 f5 21. Rfd2 c4 22. Rd4 a5 23. Kh2 b5 24. e4 g6 25. exf5 gxf5 26. Rb1 b4 27. Bd1 Rb8 28. Bf3 Bc8 29. Rdd1 Bd7 30. Rdc1 a4 31. Bd1 Rfc8 32. Bc2 a3 33. cxb4 d4 34. Rd1 d3 35. Bxd3 cxd3 36. Rxd3 Rxb4 37. b3 Bb5 38. Rd6 Rc6 39. Rd8+ Kf7 40. Rbd1 Rc2 41. R1d2 Rxd2 42. Rxd2 Rxf4 43. Rd8 Rf2 0-1

[Event "FB23 2324 SV Stuttgart-Wolfbusch - TSV S"]
[Site "?"]
[Date "2024.03.23"]
[Round "6.2"]
[White "Timofeeva, Galina"]
[Black "Sinitsina, Anastassia"]
[Result "0-1"]
[WhiteElo "1973"]
[BlackElo "2229"]
[PlyCount "90"]
[EventDate "2024.??.??"]
[SourceVersion "1"]
[SourceVersionDate "2023.02.20"]
[SourceQuality "1"]

1. e4 e5 2. Nf3 Nc6 3. Nc3 Nf6 4. g3 d5 5. exd5 Nxd5 6. d3 Bb4 7. Bd2 O-O 8. Bg2 Re8 9. O-O Nb6 10. a3 Bf8 11. h3 f6 12. Kh2 Be6 13. Ng1 Nd5 14. Nge2 Nd4 15. f4 Nxe2 16. Nxe2 exf4 17. Nxf4 Nxf4 18. Bxf4 c6 19. Qd2 Qd4 20. c3 Qd7 21. d4 Bd5 22. Rae1 a5 23. Rxe8 Rxe8 24. Re1 Bxg2 25. Kxg2 Qd5+ 26. Kh2 Rxe1 27. Qxe1 Kf7 28. Qe2 b5 29. Qd3 Qa2 30. Bc1 g6 31. Qe4 Qe6 32. Qxe6+ Kxe6 33. Kg2 Kd5 34. Kf3 Kc4 35. Ke4 h5 36. g4 hxg4 37. hxg4 a4 38. g5 fxg5 39. Bxg5 Kb3 40. d5 cxd5+ 41. Kxd5 Kxb2 42. Kc6 Kxc3 43. Kxb5 Kb3 44. Kc6 Bxa3 45. Kd5 Bb4 0-1

[Event "FB23 2324 SV Stuttgart-Wolfbusch - TSV S"]
[Site "?"]
[Date "2024.03.23"]
[Round "6.3"]
[White "Krasnopeyeva, Julia"]
[Black "Froehlich, Franziska"]
[Result "0-1"]
[WhiteElo "1950"]
[BlackElo "1932"]
[PlyCount "68"]
[EventDate "2024.??.??"]
[SourceVersion "1"]
[SourceVersionDate "2023.02.20"]
[SourceQuality "1"]

1. e4 e6 2. d4 d5 3. Nc3 Nf6 4. Bg5 Be7 5. e5 Nfd7 6. Bxe7 Qxe7 7. f4 O-O 8. Nf3 f5 9. Bd3 c5 10. Qd2 Nc6 11. Nb5 cxd4 12. Nbxd4 Nc5 13. c3 Ne4 14. Qe3 Bd7 15. O-O-O Rac8 16. Kb1 Na5 17. g4 Nc4 18. Bxc4 Rxc4 19. gxf5 exf5 20. Rhg1 Rfc8 21. Rd3 b5 22. Nd2 b4 23. Nxc4 dxc4 24. Rdd1 bxc3 25. Ne2 cxb2 26. Nc3 Bc6 27. Nxe4 Bxe4+ 28. Kxb2 c3+ 29. Ka1 Qa3 30. Qc1 Qc5 31. Rg3 c2 32. Rd7 g6 33. Rd2 Rb8 34. Rb3 Qc3+ 0-1

[Event "FB23 2324 SV Stuttgart-Wolfbusch - TSV S"]
[Site "?"]
[Date "2024.03.23"]
[Round "6.5"]
[White "Zemke, Christine"]
[Black "Klotz, Sonja"]
[Result "0-1"]
[WhiteElo "1821"]
[BlackElo "1944"]
[PlyCount "52"]
[EventDate "2024.??.??"]
[SourceVersion "1"]
[SourceVersionDate "2023.02.20"]
[SourceQuality "1"]

1. d4 d5 2. e3 Nf6 3. Bd3 c5 4. c3 Nc6 5. f4 Bg4 6. Nf3 e6 7. Nbd2 Bd6 8. O-O O-O 9. Qe1 a6 10. Ne5 Bf5 11. Bb1 Rb8 12. Qe2 Qc7 13. Qf3 Rfc8 14. h3 b5 15. g4 Bxb1 16. Rxb1 b4 17. Nxc6 Qxc6 18. cxb4 Rxb4 19. Nb3 Ne4 20. dxc5 Bxc5 21. Nxc5 Qxc5 22. Qg2 Rc4 23. Re1 Rc2 24. Qf3 Rf2 25. Qd1 Qc2 26. Qxc2 Rcxc2 0-1

[Event "FB23 2324 SK 1980 Gernsheim - SV 1920 Ho"]
[Site "?"]
[Date "2024.03.23"]
[Round "6.1"]
[White "Rieseler, Caroline"]
[Black "Ries, Jutta"]
[Result "1/2-1/2"]
[WhiteElo "2074"]
[BlackElo "2024"]
[PlyCount "57"]
[EventDate "2024.??.??"]
[SourceVersion "1"]
[SourceVersionDate "2023.02.20"]
[SourceQuality "1"]

1. e4 Nf6 2. e5 Nd5 3. d4 d6 4. c4 Nb6 5. exd6 cxd6 6. Nc3 g6 7. Be3 Bg7 8. Rc1 Nc6 9. b3 O-O 10. Be2 e5 11. dxe5 dxe5 12. Qxd8 Rxd8 13. c5 Nd5 14. Nxd5 Rxd5 15. Bc4 Rd8 16. Nf3 h6 17. O-O Bf5 18. Rfd1 Nb4 19. a4 Na2 20. Rxd8+ Rxd8 21. Re1 Nb4 22. h3 Nc2 23. Re2 Rd1+ 24. Kh2 Nxe3 25. Rxe3 e4 26. g4 Bxg4 27. hxg4 exf3 28. Rxf3 Rd7 29. Kg2 1/2-1/2

[Event "FB23 2324 SK 1980 Gernsheim - SV 1920 Ho"]
[Site "?"]
[Date "2024.03.23"]
[Round "6.2"]
[White "Lukas, Anne"]
[Black "Geske, Bruna"]
[Result "1/2-1/2"]
[WhiteElo "2029"]
[BlackElo "2034"]
[PlyCount "43"]
[EventDate "2024.??.??"]
[SourceVersion "1"]
[SourceVersionDate "2023.02.20"]
[SourceQuality "1"]

1. Nf3 d5 2. g3 Nf6 3. Bg2 Bf5 4. d3 e6 5. O-O Be7 6. Nfd2 O-O 7. e4 Bg4 8. h3 Bh5 9. g4 Bg6 10. e5 Nfd7 11. f4 f6 12. f5 Bf7 13. exf6 Bxf6 14. Nc3 c6 15. Nf3 exf5 16. gxf5 Ne5 17. Nxe5 Bxe5 18. Qg4 Nd7 19. Kh1 Nf6 20. Qh4 d4 21. Ne4 Nxe4 22. Qxd8 1/2-1/2

[Event "FB23 2324 SK 1980 Gernsheim - SV 1920 Ho"]
[Site "?"]
[Date "2024.03.23"]
[Round "6.3"]
[White "Winterholler, Christina"]
[Black "Mueller, Manon"]
[Result "0-1"]
[WhiteElo "2036"]
[BlackElo "1861"]
[PlyCount "117"]
[EventDate "2024.??.??"]
[SourceVersion "1"]
[SourceVersionDate "2023.02.20"]
[SourceQuality "1"]

1. c4 e5 2. Nc3 f5 3. g3 Nf6 4. Bg2 Nc6 5. a3 Be7 6. d3 O-O 7. e3 Qe8 8. Nge2 Kh8 9. b4 e4 10. dxe4 Nxe4 11. Bb2 Bf6 12. Qc2 Qf7 13. Nd5 Bxb2 14. Qxb2 d6 15. O-O Be6 16. Nef4 Rac8 17. Nxe6 Qxe6 18. Rad1 Ne5 19. c5 Rfd8 20. f3 Nc4 21. Qc1 Ned2 22. Rxd2 Nxd2 23. Qxd2 dxc5 24. Nf4 Rxd2 25. Nxe6 cxb4 26. axb4 Re8 27. Nf4 Rxe3 28. Rf2 Rxf2 29. Kxf2 Rb3 30. Nd5 c6 31. Ne3 g6 32. Bf1 Rxb4 33. Ke1 a5 34. Kd2 b5 35. Kc3 Rb1 36. Bd3 Rh1 37. Nf1 Kg7 38. Kd4 b4 39. Kc4 Kf6 40. f4 Ke6 41. Kc5 Kd7 42. Ne3 Rc1+ 43. Nc4 b3 44. Kd4 Kc7 45. Nb2 c5+ 46. Ke3 Ra1 47. Bb5 Ra2 48. Nd1 b2 49. Bd3 c4 50. Bb1 Ra1 51. Nc3 a4 52. Kd2 a3 53. Kc2 Kc6 54. Na2 Kc5 55. Nc3 Kd4 56. Nb5+ Ke3 57. Nc3 Kf2 58. Nd1+ Kg2 59. Ne3+ 0-1

[Event "FB23 2324 SK 1980 Gernsheim - SV 1920 Ho"]
[Site "?"]
[Date "2024.03.23"]
[Round "6.4"]
[White "Wilke, Tabea"]
[Black "Froehlich-Dill, Astrid"]
[Result "0-1"]
[WhiteElo "1827"]
[BlackElo "1879"]
[PlyCount "78"]
[EventDate "2024.??.??"]
[SourceVersion "1"]
[SourceVersionDate "2023.02.20"]
[SourceQuality "1"]

1. e4 e6 2. d3 b6 3. Nf3 Bb7 4. Nbd2 c5 5. g3 Nf6 6. Bg2 Nc6 7. O-O Qc7 8. a4 Rd8 9. Re1 e5 10. c3 Be7 11. Nc4 O-O 12. Bg5 h6 13. Bd2 Rfe8 14. Nh4 Bf8 15. Ne3 Ne7 16. Nef5 Ng6 17. Qf3 Nxh4 18. gxh4 Qc6 19. b4 Kh7 20. b5 Qc7 21. Nxh6 gxh6 22. Qxf6 d5 23. Qf5+ Kh8 24. Re3 Bc8 25. Qh5 Qd6 26. Rg3 Re7 27. Kh1 Bg7 28. Bg5 f6 29. Bxh6 Bxh6 30. Qxh6+ Rh7 31. Qg6 Qf8 32. exd5 Rxh4 33. c4 Rd7 34. Rg4 Rh6 35. Qe4 Rdh7 36. Rg3 Rxh2+ 37. Kg1 Qh6 38. Kf1 Rh4 39. Qe2 Bh3 0-1

[Event "FB23 2324 SK 1980 Gernsheim - SV 1920 Ho"]
[Site "?"]
[Date "2024.03.23"]
[Round "6.5"]
[White "Zahn, Nicol"]
[Black "Hiller, Vanessa"]
[Result "1/2-1/2"]
[WhiteElo "1904"]
[BlackElo "1781"]
[PlyCount "55"]
[EventDate "2024.??.??"]
[SourceVersion "1"]
[SourceVersionDate "2023.02.20"]
[SourceQuality "1"]

1. e4 c5 2. Nf3 Nc6 3. d3 g6 4. g3 Bg7 5. Bg2 d6 6. O-O Nf6 7. Nbd2 O-O 8. Re1 Bg4 9. h3 Bd7 10. c3 Qc8 11. Kh2 Ne8 12. Nf1 Nc7 13. Be3 f5 14. Qd2 fxe4 15. dxe4 Ne6 16. Bh6 Rxf3 17. Bxf3 Qf8 18. Bxg7 Qxf3 19. Bh6 Qh5 20. h4 Ne5 21. Kg2 Nf3 22. Qe3 Nxe1+ 23. Rxe1 Bc6 24. f3 c4 25. Nd2 b5 26. b3 cxb3 27. axb3 Qc5 28. Ra1 1/2-1/2